000 00653nam a2200181 i 4500
001 74235
003 ES-MaACL
005 20230906172048.0
007 t|
008 040916s1968 sp ||||1| spa d
100 1 _aGonzález-Estefani y Robles, José María.
_958621
245 1 0 _aManual del teleclub /
_cJosé María González-Estefani y Robles, Ernesto Molto, Antonio del Valle.
260 _a[Madrid] :
_bJunta Central de Información, Turismo y Educación Popular de Madrid,
_c[1968]
300 _a103 p., 2 lám. ;
_c30 cm.
700 1 _aMoltó, Ernesto.
_982072
700 1 _aValle, Antonio del.
_9112752
852 _aES-MaACL
_jC-35750
_bR.65697
999 _c74235
_d74235